<?xml version="1.0" encoding="UTF-8"?>
<record
    xmlns:xsi="http://www.w3.org/2001/XMLSchema-instance"
    xsi:schemaLocation="http://www.loc.gov/MARC21/slim http://www.loc.gov/standards/marcxml/schema/MARC21slim.xsd"
    xmlns="http://www.loc.gov/MARC21/slim">

  <leader>01704nam a2200193 i 4500</leader>
  <controlfield tag="001">172000</controlfield>
  <controlfield tag="003">ES-MaACL</controlfield>
  <controlfield tag="005">20230929062538.0</controlfield>
  <controlfield tag="008">090610s1872    sp           |||| | spa d</controlfield>
  <datafield tag="080" ind1=" " ind2=" ">
    <subfield code="a">821.134.2</subfield>
  </datafield>
  <datafield tag="080" ind1=" " ind2=" ">
    <subfield code="a">811.134.2</subfield>
  </datafield>
  <datafield tag="110" ind1="2" ind2=" ">
    <subfield code="a">Real Academia Espa&#xF1;ola</subfield>
    <subfield code="9">6336</subfield>
  </datafield>
  <datafield tag="245" ind1="1" ind2="0">
    <subfield code="a">Discursos le&#xED;dos ante la Real Academia Espa&#xF1;ola, </subfield>
    <subfield code="f">1872 / </subfield>
    <subfield code="c">Real Academia Espa&#xF1;ola.</subfield>
  </datafield>
  <datafield tag="260" ind1=" " ind2=" ">
    <subfield code="a">Madrid : </subfield>
    <subfield code="b">[s.n.], </subfield>
    <subfield code="c">1872 (</subfield>
    <subfield code="f">Imp. Rivadeneyra)</subfield>
  </datafield>
  <datafield tag="300" ind1=" " ind2=" ">
    <subfield code="a">1 v. ; </subfield>
    <subfield code="c">25 cm.</subfield>
  </datafield>
  <datafield tag="505" ind1="8" ind2=" ">
    <subfield code="a">Contiene: De la elocuencia parlamentaria / Antonio Benavides (60 p.). Del drama l&#xED;rico y de la lengua castellana como elemento musical / Antonio Arnao (41 p.). Contestaci&#xF3;n / Antonio Mar&#xED;a Segovia (p. 43-79). Teor&#xED;a m&#xE9;trica de los romances castellanos / Luis Fern&#xE1;ndez-Guerra y Orbe (44 p.). Contestaci&#xF3;n / Aureliano Fern&#xE1;ndez-Guerra y Orbe (p.45-88). Del car&#xE1;cter de las pasiones en la tragedia y en el drama / Francisco de Paula Canalejas (47p.). Resumen de las tareas y actos de la Real Academia Espa&#xF1;ola durante el a&#xF1;o acad&#xE9;mico de 1875 a 1876 / Manuel Tamayo y Baus (32 p.). Elogio de D. Juan Nicasio Gallego / Antonio Arnao (31 p.). Causas de la decadencia de la literatura nacional bajo los &#xFA;ltimos reinados de la Casa de Austria / Gaspar Nu&#xF1;ez de Arce (44 p.). Constestaci&#xF3;n / Juan Valera (p. 45-80). La moral en el arte / Pedro Antonio de Alarc&#xF3;n (44 p.). Contestaci&#xF3;n / C&#xE1;ndido Nocedal (p.45-74). La literatura aljamiada y la expulsi&#xF3;n de los moriscos / Eduardo Saavedra (56 p.). Contestaci&#xF3;n / Antonio C&#xE1;novas del Castillo (p. 57-100). Ap&#xE9;ndices al discurso de Eduardo Saavedra (p. 101-190).</subfield>
  </datafield>
  <datafield tag="852" ind1=" " ind2=" ">
    <subfield code="a">ES-MaACL</subfield>
    <subfield code="j">K-143 </subfield>
    <subfield code="z">- Enc. pasta espa&#xF1;ola</subfield>
  </datafield>
  <datafield tag="999" ind1=" " ind2=" ">
    <subfield code="c">172000</subfield>
    <subfield code="d">172000</subfield>
  </datafield>
  <datafield tag="952" ind1=" " ind2=" ">
    <subfield code="0">0</subfield>
    <subfield code="1">0</subfield>
    <subfield code="4">0</subfield>
    <subfield code="7">0</subfield>
    <subfield code="8">LIBXIX</subfield>
    <subfield code="a">ATENEOM</subfield>
    <subfield code="b">ATENEOM</subfield>
    <subfield code="c">ADM</subfield>
    <subfield code="d">2009-06-10</subfield>
    <subfield code="l">0</subfield>
    <subfield code="o">K-143</subfield>
    <subfield code="p">1180506</subfield>
    <subfield code="r">2023-02-23 00:00:00</subfield>
    <subfield code="w">2023-02-23</subfield>
    <subfield code="y">MONANT</subfield>
  </datafield>
</record>
